ბათუმის შოთა რუსთაველის სახელმწიფო უნივერსიტეტის ბიბლიოთეკა

Оформление дипломных проектов на компьютере. (ბიბ.ჩანაწერი № 44558)

000 -LEADER
fixed length control field 00849nam a2200253Ia 4500
001 - CONTROL NUMBER
control field 11361
003 - CONTROL NUMBER IDENTIFIER
control field GE_BSU
008 - FIXED-LENGTH DATA ELEMENTS--GENERAL INFORMATION
fixed length control field 181216s||||||||xx |||||||||||||| ||und||
020 ## - INTERNATIONAL STANDARD BOOK NUMBER
International Standard Book Number 9785930932652
040 ## - CATALOGING SOURCE
Transcribing agency GE_BSU
080 ## - UNIVERSAL DECIMAL CLASSIFICATION NUMBER
Universal Decimal Classification number 004.41
100 ## - MAIN ENTRY--PERSONAL NAME
Personal name Кудрявцев,Е.М.
245 ## - TITLE STATEMENT
Title Оформление дипломных проектов на компьютере.
245 ## - TITLE STATEMENT
Remainder of title Учебное пособие.
250 ## - EDITION STATEMENT
Edition statement изд второе;перераб и доп.
260 ## - PUBLICATION, DISTRIBUTION, ETC.
Place of publication, distribution, etc. Москва.
260 ## - PUBLICATION, DISTRIBUTION, ETC.
Name of publisher, distributor, etc. Издательство Ассоциации строительных Вузов.
260 ## - PUBLICATION, DISTRIBUTION, ETC.
Date of publication, distribution, etc. 2010.
300 ## - PHYSICAL DESCRIPTION
Extent 416стр;илл;22см.
300 ## - PHYSICAL DESCRIPTION
Accompanying material Библиогр стр:407
653 ## - INDEX TERM--UNCONTROLLED
Uncontrolled term Оформление дипломных проектов на компьютере.
942 ## - ADDED ENTRY ELEMENTS (KOHA)
Koha item type წიგნი
ეგზემპლარები
Withdrawn status Lost status Damaged status Not for loan Date acquired Barcode Date last seen Price effective from Koha item type
        2018-12-17 35407 2018-12-17 2018-12-17 წიგნი
        2018-12-17 36343 2018-12-17 2018-12-17 წიგნი
        2018-12-17 36344 2018-12-17 2018-12-17 წიგნი
        2018-12-17 36345 2018-12-17 2018-12-17 წიგნი